000 00351nam a2200133Ia 4500
005 20260326100038.0
008 260326s9999||||xx |||||||||||||| ||und||
100 _aReinberg, Georg W.
245 0 _aGeorg W. Reinberg :
_b Solar Architecture /
_cGeorg W. Reinberg
260 _bLibria
300 _a111 p.
650 _aARQUITECTURA Y CLIMA
942 _cBK
999 _c6903
_d6903